Normal view
MARC view
Entry Personal Name
001 - CONTROL NUMBER
- control field: 29817
003 - CONTROL NUMBER IDENTIFIER
- control field: dpl
005 - DATE AND TIME OF LATEST TRANSACTION
- control field: 20110721140708.0
008 - FIXED-LENGTH DATA ELEMENTS
- fixed length control field: 110721|||a|||||| | ||| d
040 ## - CATALOGING SOURCE
- Original cataloging agency: dpl
- Transcribing agency: dpl
100 ## - HEADING--PERSONAL NAME
- Personal name: Gupta, Subhadra Sen
670 ## - SOURCE DATA FOUND
- Source citation: Work cat.: (dpl)51515: Gupta, Subhadra Sen, Raza meets the king /, 2010
670 ## - SOURCE DATA FOUND
- Source citation: Work cat.: (dpl)51515: Gupta, Subhadra Sen, Raza meets the king /, 2010
